000 02736cam a2200301 4500500
005 20260111150026.0
041 _afre
042 _adc
100 1 0 _aSegré, Gabriel
_eauthor
245 0 0 _aLoft Story et la fin d'un monde
260 _c2009.
500 _a68
520 _aRésuméLe discours de dénonciation de l’émission Loft Story qui s’est développé dans les pages des quotidiens nationaux au printemps 2001 a donné à lire et à observer non pas le seul rejet d’une émission de téléréalité, mais le constat pessimiste d’un monde en mutation, ou plutôt en perdition. La critique de Loft Story s’est prolongée en une sévère diatribe contre la transformation de notre société en une société sans culture ni valeurs, barbare, virtuelle et factice, une société d’exploitation, totalitaire et inhumaine, d’où ont disparu le beau, la décence, la liberté, le droit, la dignité, l’éthique.
520 _aLoft Story and the end of the worldThe discourse of denunciation of the programme Loft Story which unrolled in the French national press in the Spring of 2001 reveals not only the rejection of this reality show programme, but acknowledges the pessismistic view of a changing world going on the road to its ruin. The criticism of Loft Story expanded into a severe diatribe against the transformation of our world into a society without values, barbarian, virtual and artificial, a totalitarian society, inhuman and exploiting man, from which beauty, decency, freedom, law, dignity and ethics have vanished.
520 _aLoft Story und das Ende der WeltDie heftige Debatte um die Reality Show Loft Story, die im Frühjahr 2001 in den nationalen Tageszeitungen geführt wurde, verdeutlichte nicht nur die generelle Ablehnung von Reality Shows, sondern auch die pessimistische Vorstellung von einer in Veränderung begriffenen, oder mehr noch vom Verderben bedrohten Welt. Die Kritik an Loft Story führte zu einer ernsthaften Kritik an den Veränderung unserer Gesellschaft hin zu einer barbarischen, virtuellen, unechten Gesellschaft ohne Werte, einer totalitären, unmenschlichen Gesellschaft der Ausbeutung, in der das Schöne, der Anstand, die Freiheit, das Recht, die Würde und die Ethik verschwunden sind.
690 _aintellectuels
690 _aLoft Story
690 _ascandale
690 _atéléréalité
690 _atélévision
690 _aintellectuals
690 _aLoft Story
690 _ascandal
690 _atelevision
690 _aTVreality
786 0 _nEthnologie française | 39 | 3 | 2009-06-05 | p. 521-533 | 0046-2616
856 4 1 _uhttps://shs.cairn.info/revue-ethnologie-francaise-2009-3-page-521?lang=fr&redirect-ssocas=7080
999 _c1636908
_d1636908